| 000 | 00767nam a2200241 i 4500 | ||
|---|---|---|---|
| 001 | 162383 | ||
| 003 | ES-MaACL | ||
| 005 | 20251005063128.0 | ||
| 008 | 150113s1992 sp |||| | spa d | ||
| 020 | _a84-8062-010-2 | ||
| 080 | _a820-14"19" | ||
| 100 | 1 |
_aBrooke, Rupert, _d1887-1915 _9156111 |
|
| 245 | 1 | 0 |
_aPoemas / _cRupert Brooke ; versión y prólogo de José Luis Cano. |
| 250 | _a[1ª ed.]. | ||
| 260 |
_aMadrid : _bAgencia Española de la Propiedad Intelectual, _c1992. |
||
| 300 |
_a88 p. ; _c24 cm. |
||
| 490 | 1 | _aSignos | |
| 594 | _aTexto en español e inglés. | ||
| 700 | 1 |
_aCano, José Luis, _d1912-1999 _934532 |
|
| 830 | 0 |
_aSignos _9180410 |
|
| 852 |
_aES-MaACL _jL-30087 _z.- Donat. Miguel A. Velasco |
||
| 999 |
_c162383 _d162383 |
||